La piedra que se quería rascar /
Guardado en:
| Autor Principal: | |
|---|---|
| Otros Autores: | , |
| Formato: | Libro |
| Publicado: |
Buenos Aires :
Sudamericana,
2004.
|
| Edición: | 3a ed. |
| Series: | Pan Flauta. Azul. Humor / Gigliola Zecchin de Duhalde ;
41 |
| Materias: | |
| Etiquetas: |
Agregar Etiqueta
Sin Etiquetas, Sea el primero en etiquetar este registro!
|
| LEADER | 01197nam a22002775a 4500 | ||
|---|---|---|---|
| 001 | CEM.cems019874 | ||
| 008 | 221123s2004##################000#0#####d | ||
| 005 | 20221123110227.0 | ||
| 245 | 1 | 0 | |a La piedra que se quería rascar / |c Franz Hohler ; traducido por Gabriela Adamo ; ilustrado por Juan Deleau. |
| 250 | |a 3a ed. | ||
| 260 | |a Buenos Aires : |b Sudamericana, |c 2004. | ||
| 300 | |a 64 p. | ||
| 490 | 0 | |a Pan Flauta. Azul. Humor / Gigliola Zecchin de Duhalde ; |v 41 | |
| 500 | |a Canela seudónimo de Gigliola Zecchin de Duhalde. | ||
| 505 | 0 | |a La piedra que se quería rascar -- El príncipe soñado -- El pájaro de Mal Agüero -- El hombre en la isla -- La píldora número doce -- El ladrón de walkman -- Una batalla despareja -- La cajita mágica -- El conejo muerto -- El milagro en el matadero -- La heladera diligente -- Éctico | |
| 020 | |a 9500724944 | ||
| 100 | 1 | |a Hohler, Franz. | |
| 700 | 1 | |a Adamo, Gabriela; trad. | |
| 700 | 1 | |a Deleau, Juan; il. | |
| 082 | 0 | 4 | |a 833.31 |
| 653 | |a Literatura | ||
| 653 | |a Literatura Suiza | ||
| 653 | |a Literatura infantil | ||
| 653 | |a Cuentos | ||
| 653 | |a Cuento infantil | ||
| 859 | |a CEMS |b BIB. CEMS - Inicial y Primaria |h 833.31 |i H685 |k IP |p 2853 |t Ej.1 | ||
